000 00860nam a2200253 a 4500
003 OSt
005 20131018131846.0
008 131018s2004 ag ||||| |||| 00| 0 spa d
040 _cBiblioteca Medicina
041 _aspa
082 _bCONGRESOS 042
100 1 _aMaceira, Daniel
_92710
245 0 0 _aSeminario VI: Mecanismos de Proteccion Social en Salud e Impacto de Shocks Financieros: el caso argentino
250 _a1ยบ ed.
260 _aBuenos Aires
_bCentro de Estudios de Estado y Sociedad
_c2004
300 _a35 p.
440 0 _aSeminarios Salud y Politica Publica
_92706
653 _aSALUD-PRESTACION DE SERVICIOS
653 _aSALUD Y FINANCIAMIENTO
653 _aSALUD Y ECONOMIA
856 _awww.cedes.org
942 _2ddc
_cPH
999 _c1821
_d1821
952 _40
_00
_bBFM
_10
_oCONGRESOS 042
_d2013-10-18
_tEj. 1
_8NFIC
_70
_cCR
_2ddc
_yPH
_aBFM